Normal view MARC view

Entry Personal Name

Number of records used in: 0

001 - CONTROL NUMBER

  • control field: 415331

003 - CONTROL NUMBER IDENTIFIER

  • control field:

005 - DATE AND TIME OF LATEST TRANSACTION

  • control field: 20210602122650.0

008 - FIXED-LENGTH DATA ELEMENTS

  • fixed length control field: 210602|| aca||aabn | a|a d

040 ## - CATALOGING SOURCE

  • Original cataloging agency:
  • Transcribing agency:

100 ## - HEADING--PERSONAL NAME

  • Personal name: Bicher, H. I.
  • Fuller form of name: (Haim I.)

670 ## - SOURCE DATA FOUND

  • Source citation: Work cat.: (): International Symposium on Oxygen Transport to Tissue (3rd : 1977 Jul 4-7 : Churchill College, Cambridge, England) 415323, Oxygen transport to tissue, III :, c1978
                                                                           
web counter

Copyright ©2020 The National Library of India, Govt. of India ↔ Hosted by NVLI, MOC ↔ Technology and Design by National Library of India, Ministry of Culture, Govt. of India